Distributed systems / (رقم التسجيلة. 31738)

تفاصيل مارك
000 -الفاتح
حقل البيانات ثابتة الطول 00878cam a2200277 a 4500
001 - رقم الضبط
رقم الضبط 991160
003 - محدد رقم الضبط
رقم الضبط OSt
005 - وقت وتاريخ اخر تعامل مع التسجيلة
رقم الضبط 20150408114148.0
008 - عناصر البيانات ثابتة الطول - معلومات عامة
حقل البيانات ثابتة الطول 860214s1986 maua 000 0 eng
010 ## - رقم ضبط مكتبة الكونجرس
رقم ضبط مكتبة الكونجرس 86070445
020 ## - الرقم الدولى المعيارى للكتب
الرقم الدولى المعيارى للكتاب 0890062129 (pbk.)
020 ## - الرقم الدولى المعيارى للكتب
الرقم الدولى المعيارى للكتاب 0890062129 (pbk. : v. 1)
020 ## - الرقم الدولى المعيارى للكتب
الرقم الدولى المعيارى للكتاب 9780273760597
040 ## - مصدر الفهرسة
وكالة الفهرسة الأصلية DLC
وكالة النسخ DLC
وكالة التعديل DLC
050 00 - رقم طلب مكتبة الكونجرس
رقم التصنيف QA76.9.D5
رقم المادة D5936 1986
082 00 - رقم تصنيف ديوى العشرى
رقم التصنيف 004.36
رقم الطبعة 19
رقم المادة DIS
245 00 - بيان العنوان
العنوان Distributed systems /
بيان المسئوليه,etc Wesley W. Chu, editor.
260 ## - PUBLICATION, DISTRIBUTION, ETC. (IMPRINT)
مكان الناشر او الموزع Dedham, MA :
اسم الناشر او الموزع Artech House,
تاريخ النشر أو التوزيع c1986.
300 ## - الوصف المادى
التعداد 2 v. :
تفاصيل ماديه اخرى للوعاء ill. ;
أبعاد الوعاء 28 cm.
505 0# - تبصرة محتويات-الفهرس
تبصرة المحتويات المصاغة v. 1. Distributed processing systems -- v. 2. Distributed data base systems.
650 #0 - المدخل الاضافى بالموضوع-مصطلح موضوعى
مصطلح موضوعي أو اسم جغرافي كعنصر مدخل Electronic data processing
التقسيم الفرعي العام Distributed processing.
650 #0 - المدخل الاضافى بالموضوع-مصطلح موضوعى
مصطلح موضوعي أو اسم جغرافي كعنصر مدخل Database management.
700 1# - المدخل الاضافى - اسم شخصى
الإسم الشخصى Chu, Wesley W.
9 (RLIN) 39029
906 ## - عنصر بيانات محلى F, LDF (RLIN)
a 7
b cbc
c orignew
d 2
e opcn
f 19
g y-gencatlg
942 ## - عناصر المدخل الإضافي( كوها)
مصدر التصنيف او مخطط الترفيف Dewey Decimal Classification
Koha [default] item type DVD
المقتنيات
حالة الفقد نموذج السعر الفعال حالة تلف ليس للاعارة رقم الطلب تاريخ الاكتساب الموقع الحالي الباركود الفرع الرئيسي Date last seen نوع المادة فى نظام كوها مصدر التصنيف او خطة الترفيف Total Checkouts Date last checked out Total Renewals
  2013-11-02     004.36 DIS 2013-11-02 المكتبة المركزية بالمجمعة (CL) 00403879 المكتبة المركزية بالمجمعة (CL) 2013-11-02 كتاب Dewey Decimal Classification      
  2013-11-02     004.36 DIS 2013-11-02 المكتبة المركزية بالمجمعة (CL) 00403880 المكتبة المركزية بالمجمعة (CL) 2013-11-02 كتاب Dewey Decimal Classification      
  2013-11-02     004.36 DIS 2013-11-02 المكتبة المركزية بالمجمعة (CL) 00403881 المكتبة المركزية بالمجمعة (CL) 2014-06-10 كتاب Dewey Decimal Classification 1 2014-02-12  
  2013-11-02     004.36 DIS 2013-11-02 مكتبة مجمع الكليات بالزلفى - طلاب (SZM) 00403882 مكتبة مجمع الكليات بالزلفى - طلاب (SZM) 2018-04-22 كتاب Dewey Decimal Classification 4 2017-05-30 2
  2013-11-02     004.36 DIS 2013-11-02 مكتبة مجمع الكليات بالزلفى - طلاب (SZM) 00403883 مكتبة مجمع الكليات بالزلفى - طلاب (SZM) 2013-11-02 كتاب Dewey Decimal Classification